Country Demonyms Ended with "-ish" - Statistics

General Stats
  • This quiz has been taken 1,212 times
  • The average score is 7 of 11
Answer Stats
Answer % Correct
Irish
86%
Swedish
83%
Finnish
79%
Danish
77%
Spanish
76%
Polish
72%
English
67%
Turkish
62%
Scottish
59%
British
55%
Northern Irish
18%
No matching quizzes found
Score Distribution
Percent of People with Each Score
Percentile by Number Answered
Your Score History
You have not taken this quiz